00289nam a2200109Ia 4500008004100000041000800041082002800049100001700077245004000094260003600134300000900170230519s9999 xx 000 0 und d aeng aMS/610.73677/ANS/DB0175 aAnsari Javed aMedical Surgical Nursing : Volume 2 bS Vikas and CoaJalandharc2012 a978p